Método de latín (Registro nro. 2375)

Detalles MARC
000 -Cabecera
Campo de control de longitud fija 00774atm a2200337 4500
005 - Fecha y hora de la última transacción
Campo de control 20251024185640.0
008 - Elementos de longitud fija--Información general
Campo de control de longitud fija 150528b2008 xxu||||| |||| 00| 0 spa d
020 ## - International Standard Book Number
Número Internacional Estándar del Libro (ISBN) 9788498300246
041 ## - Idioma
Código de idioma Español
041 ## - Idioma
Código de idioma Latín
082 ## - Clasificación Decimal Dewey
Número de clasificación 475 S456m
Número de documento/ítem
100 ## - Entrada principal--Autor personal
Nombre personal Segura Mungia, Santiago
9 (RLIN) 20412
245 ## - Título propiamente dicho
Título Método de latín
260 ## - Pie de imprenta
Lugar de publicación, distribución, etc. España
260 ## - Pie de imprenta
Nombre del editor, distribuidor, etc. Universidad de Deusto
260 ## - Pie de imprenta
Fecha de publicación, distribución, etc. 2008
300 ## - Descripción física
Extensión 253 páginas
490 ## - Serie
Título de la Serie Temática General
650 ## - Materia general
Temática (materia general) GRAMÁTICA
650 ## - Materia general
Temática (materia general) LATÍN
650 ## - Materia general
Temática (materia general) ADJETIVOS
650 ## - Materia general
Temática (materia general) COMPARATIVO
650 ## - Materia general
Temática (materia general) SUPERLATIVO
650 ## - Materia general
Temática (materia general) NUMERALES
650 ## - Materia general
Temática (materia general) PRONOMBRES
650 ## - Materia general
Temática (materia general) VERBOS
650 ## - Materia general
Temática (materia general) CONJUGACIÓN
650 ## - Materia general
Temática (materia general) ORACIONES
942 ## - Punto de acceso adicional KOHA
Tipo de ítem KOHA Libro
Fuente del sistema de clasificación o colocación Dewey Decimal Classification
Existencias
Signatura completa Código de barras Programa Académico Tipo de ítem
475 S456m 15108 Enseñanza de Idiomas Libro